Statistics for Top 10 Countries in Wine Production per Capita

Click here to take the quiz!

General Stats

  • This quiz has been taken 3,948 times
  • The average score is 7 of 10

Answer Stats

kg / person Country % Correct
78.9Italy
98%
64.7France
98%
99.1Spain
95%
58.0Portugal
85%
50.5Australia
75%
30.7Greece
75%
35.1Argentina
69%
68.4Chile
68%
71.0New Zealand
65%
42.1Moldova
19%

Score Distribution

Percentile by Number Answered

Percent of People with Each Score

Your Score History

You have not taken this quiz